| 000 | 00745nam a2200289Ia 4500 | ||
|---|---|---|---|
| 005 | 20260324135203.0 | ||
| 008 | 008 260324s9999 xx 000 0 eng d | ||
| 020 | _a9780429485213 | ||
| 037 | _aEBOOK | ||
| 040 | _aCRL | ||
| 040 | _beng | ||
| 040 | _cCRL | ||
| 041 | _2eng | ||
| 041 | _aeng | ||
| 084 | _qCRL | ||
| 100 |
_aBirgit Hallerfors; Ann Horne; John Tsiantis; Siv Boalt Boethious _91199658 |
||
| 245 | 0 | _aWork with Parents | |
| 245 | 0 | _bPsychoanalytic Psychotherapy with Children and Adolescents | |
| 260 | _bTaylor and Francis | ||
| 260 | _c2000 | ||
| 365 | _a | ||
| 365 | _b180 | ||
| 856 | _uhttp://www.taylorfrancis.com/books/9780429485213 | ||
| 942 | _cEBOOK | ||
| 999 |
_c1800479 _d1800479 |
||